Prélude et fugue (gis-moll) (Запись № 10922755)

Подробности
000 -МАРКЕР
контрольное поле 02892ncm0a2200469 4500
001 - ИДЕНТИФИКАТОР ЗАПИСИ
контрольное поле RU\NLR\ONIZ\227577
005 - ИДЕНТИФИКАТОР ВЕРСИИ
контрольное поле 20260406163624.0
035 ## - ДРУГИЕ СИСТЕМНЫЕ НОМЕРА
Идентификатор записи RU\NLR\ONIZ\NATA\5000018815\20200210123751
035 ## - ДРУГИЕ СИСТЕМНЫЕ НОМЕРА
Идентификатор записи (NLR Aleph) 012218944
071 20 - ИЗДАТЕЛЬСКИЙ НОМЕР
Номер, присвоенный агентством R. M. V. 254
100 ## - ДАННЫЕ ОБЩЕЙ ОБРАБОТКИ
Данные общей обработки 20200210d1914 |||y0rusy50 ca
101 0# - ЯЗЫК РЕСУРСА
Язык текста, звукозаписи и т.д. русский
-- французский
102 ## - СТРАНА ПУБЛИКАЦИИ ИЛИ ПРОИЗВОДСТВА
Страна публикации Германия
-- Российская Федерация
125 ## - ПОЛЕ КОДИРОВАННЫХ ДАННЫХ: ЗВУКОЗАПИСИ И НОТНЫЕ ИЗДАНИЯ
Форма изложения нотного текста zx
128 ## - ПОЛЕ КОДИРОВАННЫХ ДАННЫХ: МУЗЫКАЛЬНАЯ ФОРМА, ТОНАЛЬНОСТЬ И ЛАД
Музыкальная форма pf
145 0# - ПОЛЕ КОДИРОВАННЫХ ДАННЫХ: СРЕДСТВО ИСПОЛНЕНИЯ МУЗЫКАЛЬНОГО ПРОИЗВЕДЕНИЯ (УСТАРЕВШЕЕ)
Тип средства исполнения b
200 1# - ЗАГЛАВИЕ И СВЕДЕНИЯ ОБ ОТВЕТСТВЕННОСТИ
Основное заглавие Prélude et fugue (gis-moll)
Общее обозначение материала Ноты
Сведения, относящиеся к заглавию pour piano
-- op. 29
Первые сведения об ответственности S. Iw. Tanejew
Последующие сведения об ответственности transcription pour 2 pianos à quatre mains par l'auteur
210 ## - ПУБЛИКАЦИЯ, РАСПРОСТРАНЕНИЕ И ДР.
Место издания, распространения и т.д. Берлин
-- Москва
-- С. Петербург
Имя издателя, распространителя и т. д. Российское музыкальное издательство [и др.]
Дата издания, распространения и т.д. 1914
215 ## - ФИЗИЧЕСКАЯ ХАРАКТЕРИСТИКА
Специфическое обозначение материала и объем 26 с.
Другие сведения о физической характеристике ил.
Размеры 34 см
300 ## - ОБЩИЕ ПРИМЕЧАНИЯ
Текст примечания Оформление обл.: И. Я. Билибин
300 ## - ОБЩИЕ ПРИМЕЧАНИЯ
Текст примечания Обл. рус., фр.
313 ## - ПРИМЕЧАНИЯ, ОТНОСЯЩИЕСЯ К ТЕМАТИЧЕСКОМУ ДОСТУПУ
Текст примечания Систематизация документа проведена по изданию - Методика классифицирования музыкальных произведений (нотных изданий) по таблицам Библиотечно-библиографических классификаций : метод. рекомендации / Гос. б-ка СССР им. В.И. Ленина.- М., 1977. Индексу ББК методических рекомендаций присваивается код ББК для научных библиотек - LBC/SL
500 00 - УНИФИЦИРОВАННОЕ ЗАГЛАВИЕ
Унифицированное заглавие Прелюдия и фуга для фортепиано соль диез минор
Общее обозначение материала Ноты
Цифровое обозначение (для музыкальных произведений) Op. 29
Ключ (для музыкальных произведений) gis-moll
Средства исполнения (для музыкальных произведений) Фортепиано
606 1# - НАИМЕНОВАНИЕ ТЕМЫ КАК ПРЕДМЕТ
Наименование темы Фортепианная музыка русская
Хронологический подзаголовок 19-20 вв.
Код системы nlr_sh
606 1# - НАИМЕНОВАНИЕ ТЕМЫ КАК ПРЕДМЕТ
Наименование темы Переложения для 2 фортепиано в 4 руки
Географический подзаголовок Россия
Хронологический подзаголовок 19-20 вв.
Код системы nlr_sh
608 ## - ФОРМА, ЖАНР, ФИЗИЧЕСКИЕ ХАРАКТЕРИСТИКИ ДОКУМЕНТА КАК ТОЧКА ДОСТУПА
Начальный элемент ввода Прелюдии и фуги для фортепиано
Географический подзаголовок Россия
Хронологический подзаголовок 19-20 вв.
Формальный подзаголовок Ноты
Код системы nlr_sh
686 ## - ИНДЕКСЫ ДРУГИХ КЛАССИФИКАЦИЙ
Индекс Щ952.424.4-095-045(28)
Издание LBC/SL
Код системы
700 #1 - ИМЯ ЛИЦА - ПЕРВИЧНАЯ ОТВЕТСТВЕННОСТЬ
Системный номер авторитетной/нормативной записи z01790
Начальный элемент ввода Танеев
Часть имени, кроме начального элемента ввода С.И.
Даты 1856-1915
Расширение инициалов личного имени Сергей Иванович
Код отношения Композитор
Графика поля Кириллица
702 #1 - ИМЯ ЛИЦА - ВТОРИЧНАЯ ОТВЕТСТВЕННОСТЬ
Код отношения Оформитель обложки
-- Иллюстратор
Материалы, к которым относится поле rus
Графика поля Кириллица
Начальный элемент ввода Билибин
Часть имени, кроме начального элемента ввода И. Я.
Дополнения к именам, кроме дат художник
Даты 1876-1942
Расширение инициалов личного имени Иван Яковлевич
Идентификатор авторитетной/нормативной записи RU\NLR\AUTH\7710265
Системный номер авторитетной/нормативной записи 120044
703 #1 - ИМЯ ЛИЦА - ПРОИСХОЖДЕНИЕ ИЛИ ВЛАДЕЛЕЦ
Системный номер авторитетной/нормативной записи z03790
Начальный элемент ввода Беляев
Часть имени, кроме начального элемента ввода В. М.
Дополнения к именам, кроме дат музыковед
Даты 1888-1968
Расширение инициалов личного имени Виктор Михайлович
Код отношения Бывший владелец
790 #1 - ИМЯ ЛИЦА - АЛЬТЕРНАТИВНАЯ ФОРМА
Системный номер авторитетной/нормативной записи z01700
Начальный элемент ввода Taneev
Часть имени, кроме начального элемента ввода S. I.
Даты 1856-1915
Расширение инициалов личного имени Sergej Ivanovič
Код отношения Композитор
Графика поля Латинская
790 #1 - ИМЯ ЛИЦА - АЛЬТЕРНАТИВНАЯ ФОРМА
Код отношения Оформитель обложки
-- Иллюстратор
Графика поля Латинская
Материалы, к которым относится поле rus
Начальный элемент ввода Bilibin
Часть имени, кроме начального элемента ввода I. J.
Дополнения к именам, кроме дат художник
Даты 1876-1942
Расширение инициалов личного имени Ivan Jakovlevič
Системный номер авторитетной/нормативной записи 2641277
Идентификатор авторитетной/нормативной записи RU\NLR\AUTH\770273047
790 #1 - ИМЯ ЛИЦА - АЛЬТЕРНАТИВНАЯ ФОРМА
Системный номер авторитетной/нормативной записи z03703
Начальный элемент ввода Beljaev
Часть имени, кроме начального элемента ввода V. M.
Даты 1888-1968
Расширение инициалов личного имени Viktor Mihailovič
Код отношения Бывший владелец
Графика поля Латинская
801 #0 - ИСТОЧНИК ЗАПИСИ
Страна Российская Федерация
Организация NLR
Дата составления 20200210
Правила каталогизации PSBO
801 #1 - ИСТОЧНИК ЗАПИСИ
Страна Российская Федерация
Организация NLR
Дата составления 20200210
Источник данных rusmarc
801 #2 - ИСТОЧНИК ЗАПИСИ
Страна Российская Федерация
Организация NLR
Дата составления 20200210
852 ## - МЕСТОНАХОЖДЕНИЕ И ШИФР ХРАНЕНИЯ
Идентификатор организации NLR
Наименование фонда или коллекции (Sub-Location Identifier) М
Шифр хранения (Call Number) Бел-4/58
Страна
Номер экземпляра 1
942 ## - ДОПОЛНИТЕЛЬНЫЕ ЭЛЕМЕНТЫ ЗАПИСИ (АБИС)
Тип экземпляра АБИС Ноты
980 ## - КОЛЛЕКЦИЯ
Название коллекции Национальная библиография
980 ## - КОЛЛЕКЦИЯ
Название коллекции Отдел нот и звукозаписей
Экземпляры
Тип экземпляра Дата поступления Библиотека постоянного хранения Библиотека текущего хранения Место хранения Шифр хранения Статус экземпляра
Ноты 10.02.2020 РНБ (Московский) РНБ (Московский) Фонд нот и звукозаписей Бел-4/58 Бел-4/58